00462nam a2200169 i 4500001001100000003000500011005001700016008004100033040002500074245002000099264006400119336002100183337002500204338002300229700001100252700002900263C2-0312620PPAK20180729001237.0111016s2003 my |||| ||||| | may d aPPAKbengcPPAKerda00aSeri Dewi Malam 1a[Kuala Lumpur] : bGolden Satellite (M) Sdn Bhd. , c(2003) 2rdacontentatext 2rdamediaaunmediated 2rdacarrieravolume eauthor0 aAziz M. Osman, ecompile